Migration and remittances Eastern Europe and the former Soviet Union

Salvato in:
Dettagli Bibliografici
Altri autori: Mansoor, Ali, Quillin, Bryce
Natura: Libro
Lingua:inglese
Pubblicazione: Washington, D.C. <The> World Bank 2007
Soggetti:
Tags: Aggiungi Tag
Nessun Tag, puoi essere il primo ad aggiungerne!!

MARC

LEADER 00000nam$a2200000$$$4500
001 0054561
005 20240315115545.5
020 |a 978-0-8213-6233-4 
020 |a 0-8213-6233-X 
041 0 |a eng 
044 |a US 
245 1 0 |a Migration and remittances  |b Eastern Europe and the former Soviet Union  |c edited by: Ali Mansoor, Bryce Quillin 
264 1 |a Washington, D.C.  |b <The> World Bank  |c 2007 
300 |a 213 s. 
610 2 0 |a migrácia 
610 2 0 |a pohyb síl pracovných 
610 2 0 |a vývoj 
610 2 0 |a mzdy 
610 2 0 |a emigrácia 
610 2 0 |a regulácia 
610 2 0 |a situácia hospodárska 
610 2 0 |a populácia 
610 2 0 |a východná Európa 
610 2 0 |a Rusko 
700 1 |a Mansoor, Ali 
700 1 |a Quillin, Bryce